Văn học Việt Nam thế kỷ XX :

Spremljeno u:
Bibliografski detalji
Format: Knjiga
Jezik:Undetermined
Izdano: Hà Nội Văn Học 2009
Teme:
Oznake: Dodaj oznaku
Bez oznaka, Budi prvi tko označuje ovaj zapis!
Thư viện lưu trữ: Trung tâm Học liệu Trường Đại học Cần Thơ
LEADER 00629nam a2200181Ia 4500
001 CTU_170137
008 210402s9999 xx 000 0 und d
082 |a 895.92208 
082 |b L305/Q.3-T.6 
245 0 |a Văn học Việt Nam thế kỷ XX : 
245 0 |c Chủ biên Trịnh Bá Đĩnh 
260 |a Hà Nội 
260 |b Văn Học 
260 |c 2009 
650 |a Vietnamese literature,Văn học Việt Nam 
650 |y 20th century,Thế kỷ 20 
904 |i Trọng Hiếu ; Mai Quốc Liên (chủ biên tập đầu tiên) 
980 |a Trung tâm Học liệu Trường Đại học Cần Thơ